Tyne and Wear metro stations - Statistics

General Stats
  • This quiz has been taken 190 times
  • The average score is 42 of 60
Answer Stats
Line Answer % Correct
Green Airport
95%
Yellow&Green Monument
94%
Yellow&Green Gateshead
89%
Yellow&Green Haymarket
89%
Yellow&Green Jesmond
88%
Yellow North Shields
87%
Yellow&Green South Gosforth
86%
Yellow South Shields
86%
Green Sunderland
85%
Yellow Byker
84%
Yellow&Green Central Station
84%
Yellow Whitley Bay
84%
Yellow Tynemouth
83%
Yellow St. James'
82%
Yellow&Green West Jesmond
82%
Yellow&Green Gateshead Stadium
80%
Green Stadium of Light
80%
Yellow&Green Pelaw
79%
Yellow Manors
78%
Yellow Wallsend
77%
Yellow Benton
74%
Yellow Cullercoats
72%
Yellow&Green Ilford Road
72%
Yellow Longbenton
72%
Yellow Four Lane Ends
71%
Yellow Monkseaton
71%
Green Kingston Park
69%
Yellow Walkergate
69%
Yellow Jarrow
68%
Yellow Northumberland Park
68%
Green South Hylton
68%
Green University
68%
Yellow&Green Heworth
67%
Yellow Percy Main
67%
Yellow West Monkseaton
67%
Yellow Chillingham Road
66%
Yellow Meadow Well
66%
Green Regent Centre
66%
Green St Peter's
65%
Yellow&Green Felling
64%
Green Callerton Parkway
62%
Yellow Shiremoor
62%
Yellow Hebburn
61%
Green Park Lane
61%
Yellow Chichester
60%
Yellow Palmersville
60%
Green Seaburn
60%
Yellow Hadrian Road
58%
Green Brockley Whins
57%
Green Fawdon
57%
Green Bank Foot
56%
Yellow Tyne Dock
56%
Yellow Bede
54%
Yellow Howdon
54%
Yellow Simonside
54%
Green East Boldon
51%
Green Pallion
47%
Green Wansbeck Road
46%
Green Fellgate
42%
Green Millfield
40%
No matching quizzes found
Score Distribution
Percent of People with Each Score
Percentile by Number Answered
Your Score History
You have not taken this quiz